Sports Quiz

Random Sports or MLB Quiz
Score 0/28 Timer 06:00
3 Plays Today
% Correct
bee
94.8%
hard
94.1%
doing
94%
will
93.9%
being
93.8%
succeed
93.8%
perfect
93.6%
seconds
93.5%
sounds
92.7%
game
92.7%
Man
92.4%
impossible
92.2%
best
91.9%
up
91.7%
% Correct
excuses
91.6%
finisher
91.5%
loser
91.3%
take
91%
you
90.4%
maker
90%
music
89%
thing
88.7%
wrong
88.4%
winning
87.8%
fined
86.8%
guts
86.8%
shot
80.3%
profanity
76.9%

You're not logged in!

Compare scores with friends on all Sporcle quizzes.
OR
Log In

Sporcle TV

Today on Sporcle TV


Watch our educational content, quiz creation guides, and fun videos on Sporcle TV.

Show Comments

Extras

Top Quizzes Today


Score Distribution

Your Account Isn't Verified!

In order to create a playlist on Sporcle, you need to verify the email address you used during registration. Go to your Sporcle Settings to finish the process.

Report this User

Report this user for behavior that violates our Community Guidelines.

Details: